=LDR 00000nam 2200000 4500 =001 INLIS000000000033813 =005 20130612135739 =008 ***********************************ind** =035 ##$$0010-061300000033813 =041 ##$$a ind =082 ##$$a 154. 7 =090 ##$$a 154. 7, Won, d =100 ##$$a Wong, Willy =245 ##$$a Dahsyatnya hipnotis , Willy wong danAndri hakim penyuting Windiawati Oktavia =260 ##$$a 2009 $b jakarta =300 ##$$a xiv, 222 hlm, 23 cm =650 ##$$a Hipnotis =650 ##$$a Oktaviani, Widyawati =850 ##$$a NBPNMAT